Làm thế nào để hiểu được trẻ

Guardado en:
Detalles Bibliográficos
Autor principal: Lâm, Cách
Otros Autores: Dương, Thị Kim Nguyệt (dịch)
Formato: Libro
Lenguaje:Vietnamese
Publicado: Hà Nội Phụ nữ 2006
Materias:
Etiquetas: Agregar Etiqueta
Sin Etiquetas, Sea el primero en etiquetar este registro!
Thư viện lưu trữ: Trung tâm Học liệu Lê Vũ Hùng, Trường Đại học Đồng Tháp
LEADER 00867aam a22002658a 4500
001 00028679
005 20171026081023.0
008 120330s2006 ||||||viesd
020 |c 58000 
041 0 # |a vie 
082 1 4 |a 649  |b L104TH 
100 1 # |a Lâm, Cách 
245 1 0 |a Làm thế nào để hiểu được trẻ  |c Lâm Cách; Dương Thị Kim Nguyệt dịch 
260 # # |a Hà Nội  |b Phụ nữ  |c 2006 
300 # # |a 490tr.  |c 19cm. 
650 # 4 |a Tâm lý lứa tuổi 
653 # # |a Công tác xã hội 
653 # # |a Giáo dục trẻ em 
653 # # |a Trẻ em 
653 # # |a Tâm lý học 
700 1 # |a Dương, Thị Kim Nguyệt  |e dịch 
852 # # |b Kho đọc  |j KD.0012979 
852 # # |j KD.0012979 
910 |d 30/03/2012 
980 # # |a Trung tâm Học liệu Lê Vũ Hùng, Trường Đại học Đồng Tháp